000 00866cam a22002533a 4500
001 14590
003 PGUSA
005 20140828083319.0
008 050104s2005||||xxu|||||s|||||000 | eng d
040 _aPGUSA
_beng
042 _adc
050 4 _aF1001
100 1 _aLighthall, W. D.
_q(William Douw),
_d1857-1954
245 1 2 _aA New Hochelagan Burying-ground Discovered at Westmount on the Western Spur of Mount Royal, Montreal, July-September, 1898
_h[electronic resource] /
_cW. D. Lighthall
260 _bProject Gutenberg,
_c2005
506 _aPublic domain in the USA.
516 _aElectronic text
653 _aIroquois Indians -- Antiquities
653 _aMohawk Indians -- Antiquities
653 _aBurial -- Québec (Province) -- Montréal
830 0 _aProject Gutenberg
_v14590
856 4 0 _uhttp://www.gutenberg.org/ebooks/14590
942 _cEB
999 _c243845
_d243845